Tamil Brahmans : The making of a middle-Class caste (Record no. 14759)

MARC details
000 -LEADER
fixed length control field 00482nam a2200169Ia 4500
008 - FIXED-LENGTH DATA ELEMENTS--GENERAL INFORMATION
fixed length control field 230917s9999||||xx |||||||||||||| ||und||
020 ## - ISBN
Price RS750
040 ## - CATALOGING SOURCE
-- 224935
Original cataloging agency VIVEKANANDA LIBRARY
041 ## - Language
-- English
082 ## - DDC NUMBER
Classification number 301.44095482 F958T
100 ## - MAIN ENTRY--PERSONAL NAME
Personal name Fuller, C J
245 #0 - TITLE STATEMENT
Title Tamil Brahmans : The making of a middle-Class caste
260 ## - PUBLICATION, DISTRIBUTION, ETC. (IMPRINT)
Place of publication, distribution, etc New Delhi
Name of publisher, distributor, etc Social Science Prees
Date of publication, distribution, etc 2015
300 ## - PHYSICAL DESCRIPTION
Pages x, 278 p.
500 ## - GENERAL NOTE
General note 1973 13/02/2015 HBD6297 23/02/2015 Sociology UGC SAP
942 ## - ADDED ENTRY ELEMENTS (KOHA)
Koha item type Books
Holdings
Withdrawn status Lost status Damaged status Not for loan Location (home branch) Sublocation or collection (holding branch) Date acquired Koha issues (times borrowed) Koha full call number Accession No. Koha date last seen Koha item type
        VIVEKANANDA LIBRARY VIVEKANANDA LIBRARY 08/07/2015   301.44095482 F958T 342081 17/09/2023 Books
© Designed and Maintained by Vivekananda Library, MDU Rohtak